[Event "FIDE-Wch k.o. f"]
[Site "Lausanne"]
[Date "1998.01.07"]
[Round "8.5"]
[White "Karpov, Anatoly"]
[Black "Anand, Viswanathan"]
[Result "1/2-1/2"]
[WhiteElo "2735"]
[BlackElo "2770"]
[Annotator "Ftacnik,Lubomir"]
[PlyCount "110"]
[EventDate "1998.01.02"]
[EventType "match"]
[EventRounds "6"]
[EventCountry "SUI"]
[SourceTitle "CBM 063"]
[Source "ChessBase"]
[SourceDate "1998.03.26"]
[SourceVersion "1"]
[SourceVersionDate "1998.03.26"]
[SourceQuality "1"]

1. d4 {Lutz} d5 2. c4 c6 3. Nc3 Nf6 4. e3 e6 5. Nf3 Nbd7 6. Qc2 Bd6 7. Bd3 O-O 8. O-O dxc4 9. Bxc4 a6 10. Rd1 (10. Bd2 c5 11. dxc5 Nxc5 12. Be2 b5 13. b4 Ncd7 14. Ne4 Be7 15. Nxf6+ Bxf6 16. Bc3 Bb7 17. Bxf6 Nxf6 $11 {Karpov,A-Anand,V/Biel/1997/0.5 (40)}) 10... b5 (10... Qc7 11. Ne4 $1 Nxe4 12. Qxe4 b5 (12... e5 13. Qh4 Nf6 14. e4 exd4 15. e5 $1 $40 {Epischin,V-Brenninkmeier,J/Wijk/1992/}) 13. Bd3) 11. Be2 (11. Bf1 c5 $6 (11... Qc7 $5) 12. dxc5 Bxc5 13. Ng5 Bb7 14. Nce4 Nxe4 (14... Rc8 $2 15. Nxf6+ $18) 15. Nxe4 Be7 (15... Rc8 16. Nxc5 Rxc5 17. Qe2 Qc7 18. Bd2 Ne5 19. Bb4 Rc2 20. Qh5 Rxb2 21. Rac1 Rc2 22. Bd6 Nf3+ 23. gxf3 Rxc1 24. Bxc7 Rxd1 25. f4 $16 {½-½ Arlandi,E-Luther,T/Turin op 1996 (48)}) 16. Nd6 Bd5 (16... Bxd6 17. Rxd6 Bd5 18. e4 Rc8 19. Qd1 Bc6 20. Be3 $16) 17. e4 Bxd6 18. exd5 Rc8 (18... e5 19. a4 $14) 19. Qe2 exd5 20. Rxd5 Nf6 21. Rd3 Qc7 22. g3 Bc5 23. Be3 Bxe3 24. Rxe3 Rfe8 {Karpov,A-Polgar,Z/Madrid 1992/1-0 (57)}) (11. Bd3 Bb7 12. e4 e5 13. dxe5 Nxe5 14. Nxe5 Bxe5 15. Bxb5 Bxh2+ 16. Kh1 Qe7 17. Be2 Be5 18. Bf3 c5 19. Be3 Rfe8 20. Kg1 Bxc3 21. bxc3 Bxe4 22. Bxe4 Nxe4 23. Rab1 Qe5 {Greenfeld,A-Horvath,C/Montecatini Terme op 1997/½-½ (61)}) 11... Qc7 (11... c5 $6 12. dxc5 Bxc5 (12... Nxc5 13. b4 $16) 13. Ne4 $1 Nxe4 (13... Qb6 14. Nxc5 Nxc5 15. b3 Bb7 16. Bb2 Be4 17. Qc1 Ncd7 18. Bd4 Qb7 19. Qb2 Rfc8 20. Rac1 {Bukic,E-Atalik,S/Ljubljana LSK 1997/0-1 (57)}) 14. Qxe4 Ra7 (14... Qc7 $2 15. b4 Bb6 16. Bb2 Bb7 17. Qg4 $16) 15. b4 Bb7 16. Qf4 Bxf3 (16... Be7 $2 17. Ne5 Bd5 18. Rxd5 exd5 19. Nc6 $16) 17. Bxf3 Be7 18. Bb2 Qb8 $1 19. Rac1 (19. a4 $2 Qxf4 20. exf4 bxa4 21. Rxa4 Nb6 $15) 19... Bf6 20. Bxf6 Nxf6 21. a3 {½-½ Dautov,R-Luther,T/Bad Zwesten op 1997 (38)}) 12. Ne4 (12. e4 e5 13. g3 (13. h3 Bb7 14. dxe5 Nxe5 15. Bg5 Nxf3+ 16. Bxf3 Be5 17. Bxf6 gxf6 $11) 13... Re8 14. a3 Bb7 (14... exd4 15. Nxd4 c5 $2 16. Ndxb5 $1 axb5 17. Nxb5 $18) 15. Bg5 exd4 (15... h6 $6 16. dxe5 Bxe5 (16... Nxe5 17. Bxf6 gxf6 18. Qd2 $1 Rad8 19. Qxh6 $16) 17. Nxe5 hxg5 18. Nxd7 Nxd7 19. Qd2 Nf6 20. Qxg5 Nxe4 21. Nxe4 Rxe4 22. Bf3 Re5 (22... Qe5 23. Qd2 Rc4 24. Qd7 $16) 23. Rd7 $1 Qxd7 (23... Rxg5 24. Rxc7 Rb8 25. Re1 $18) 24. Qxe5 {1-0 Epishin,V-Polgar,Z/Madrid 1992 (44)}) 16. Nxd4 Be5 $5 $13) 12... Nxe4 (12... Be7 13. Nxf6+ Nxf6 14. e4 $14) 13. Qxe4 e5 14. Qh4 ({RR} 14. h3 Bb7 15. Qc2 c5 16. Ng5 Nf6 17. dxc5 Qxc5 18. Qxc5 Bxc5 19. Nf3 e4 20. Nd4 Rfd8 21. a4 b4 22. Nb3 Be7 23. Bd2 Bd5 24. Na5 h6 25. Rac1 Rac8 26. Bxa6 Ra8 27. Nc6 Bxc6 28. Rxc6 b3 {Wang,H (2435)-Tenuunbold,B (2119) Paracin SRB 2025 1-0 (49)}) 14... Re8 (14... h6 $6 {Kramnik,V-Piket,J/Wijk aan Zee 1998/CBM 63}) 15. Bd3 ({RR} 15. a4 e4 16. Nd2 Re6 17. g3 Be7 18. Qf4 Bd6 19. Qh4 Be7 20. Qf4 Bd6 {½-½ (20) Karpov,A (2735)-Anand,V (2770) Monte Carlo 1998}) 15... h6 (15... Nf6 16. dxe5 Bxe5 $14) 16. Bc2 exd4 $146 (16... Bb7 17. e4 Rad8 18. Be3 $11) ({RR} 16... Bb7 17. e4 Rad8 18. Be3 exd4 19. Nxd4 Ne5 20. Nf5 Ng6 21. Qh5 Bf8 22. h4 c5 23. Qg4 h5 24. Qxh5 Bxe4 25. Rxd8 Qxd8 26. Bxe4 Rxe4 27. Rd1 Qf6 28. Qf3 Re6 29. h5 Ne5 30. Qh3 Nc4 31. b3 {Schlosser,P (2505)-Haimovich,T (2280) Herzliya 1998 ½-½ (31)}) ({RR} 16... c5 17. d5 c4 18. e4 Qd8 19. Qg3 Qf6 20. a4 Bb7 21. axb5 axb5 22. Rxa8 Rxa8 23. Nh4 Kh7 24. Nf5 Bc5 25. h4 b4 26. Qh3 Bc8 27. g4 b3 28. Bb1 Ra1 29. Bd2 Qg6 30. h5 Qb6 31. Qf3 {Fyllingen,R (2386)-Carlsen,M (2543) Moss 2005 1-0 (47)}) 17. Qxd4 (17. Nxd4 Nf6 18. Nf5 Bxf5 19. Bxf5 Rad8 20. Bd2 Be5 $11) (17. exd4 Be7 18. Bg5 Bxg5 19. Nxg5 Nf6 20. Ne4 Nxe4 21. Bxe4 Qd6 22. Re1 Be6 $11) 17... Bf8 18. b3 Nf6 19. Qh4 (19. Bb2 Bg4 20. Rac1 Rad8 $15) 19... g5 (19... Bg4 20. Bb2 Bxf3 21. gxf3 Be7 22. Kh1 $5 $14) 20. Qg3 (20. Qd4 {Lutz} Bg7 {} 21. Bb2 Nh5) 20... Qxg3 21. hxg3 {White is not without chances since black has weakened his kingside and especiallt f5 square is quite vulnerable.} c5 {Lutz: Die Kontrolle der d-Linie und der geschwächte schwarze Königsflügel wird durch die schwarze Mehrheit am Dmaenflügel ausggeglichen.} 22. Bb2 Bg7 (22... Be7 $5) 23. Rd6 Be6 24. Rad1 Rec8 25. Bxf6 Bxf6 26. Be4 Ra7 27. Bd5 (27. Bf5 $5 Bxf5 28. Rxf6 Bc2 29. Rd2 Kg7 30. Rdd6 $14) 27... Bxd5 (27... Be7 $2 28. Rxe6 $18) 28. R1xd5 (28. Rxf6 Kg7 29. Rd6 Bxf3 30. gxf3 c4 $11) 28... Kg7 29. Rd2 Be7 (29... c4 $1 30. bxc4 Rxc4 $11) 30. Rb6 Bd8 31. Rbd6 Be7 32. R6d5 a5 (32... c4 $1 33. Rc2 Rac7 $11) 33. Kf1 a4 34. Ke2 axb3 35. axb3 Ra3 36. b4 $1 Rc3 (36... cxb4 37. Rxb5 $14) 37. bxc5 R3xc5 38. Rxc5 Rxc5 39. Nd4 Bf6 (39... h5 40. Rb2 Bf6 41. Kd3 Kg6 42. Rb1 Bxd4 43. exd4 Rf5 44. f3 $14) 40. g4 b4 41. Rb2 (41. Nf5+ Kg6 42. Rd6 Rc2+ 43. Kf3 h5 44. Ne7+ Kg7 45. Nf5+ Kg6 $11) 41... Rc4 42. Kd3 Rc3+ 43. Kd2 (43. Ke4 b3 $1 44. Nxb3 Rxe3+ 45. Kxe3 Bxb2 $11) 43... Bxd4 44. exd4 Rc4 45. Kd3 Rc3+ 46. Kd2 Rc4 47. Kd3 Rc3+ 48. Ke4 (48. Kd2 $11) 48... b3 49. f3 Kf6 (49... Rc2 50. Rxb3 Rxg2 51. d5 $14) 50. d5 Rc4+ 51. Kd3 Rf4 52. Rxb3 Ke5 53. Rb6 (53. Rb5 Rd4+ 54. Ke3 Rxd5) 53... Kxd5 54. Rxh6 Ke5 (54... Ra4 $2 55. Rf6 Ra3+ 56. Ke2 Ra2+ 57. Ke3 $18) 55. Ke3 (55. Ra6 f6 56. Ra5+ Ke6 57. Ke3 Rb4 $11) 55... Ra4 1/2-1/2

[Event "Sukhumi op"]
[Site "Sukhumi"]
[Date "2006.08.10"]
[Round "7"]
[White "Pushkov, Nikolai"]
[Black "Karpov, Alexander"]
[Result "1/2-1/2"]
[WhiteElo "2482"]
[BlackElo "2365"]
[PlyCount "60"]
[EventDate "2006.08.04"]
[EventType "swiss"]
[EventRounds "9"]
[EventCountry "GEO"]
[SourceTitle "EXT 2011"]
[Source "ChessBase"]
[SourceDate "2010.11.26"]
[SourceVersion "1"]
[SourceVersionDate "2010.11.26"]
[SourceQuality "1"]

1. d4 d5 2. c4 e6 3. Nf3 Nf6 4. Nc3 c6 5. e3 Nbd7 6. Qc2 Bd6 7. Bd3 e5 8. cxd5 cxd5 9. e4 dxe4 10. Nxe4 Nxe4 11. Bxe4 exd4 ({RR} 11... Bb4+ 12. Bd2 Bxd2+ 13. Qxd2 O-O {½-½ (13) Papenin,N (2354)-Karpov,A (2337) Vladimir 2006}) 12. O-O h6 $146 ({RR} 12... Nf6 13. Qa4+ Qd7 14. Qxd7+ Nxd7 15. Nxd4 O-O 16. Be3 Nc5 17. Bf3 Ne6 18. Nf5 Bc5 19. Bxc5 Nxc5 20. Ne7+ Kh8 21. Rac1 Ne6 22. Rfd1 Ng5 23. Nxc8 Nxf3+ 24. gxf3 Raxc8 25. Rxc8 Rxc8 26. Rd7 Rb8 27. Rxf7 {Koch,W (2305)-Aigner,M (1785) Feffernitz 1999 1-0 (50)}) ({RR} 12... Nf6 13. Bg5 h6 14. Bh4 g5 15. Bg3 O-O 16. Rad1 Bxg3 17. hxg3 Qb6 18. Nxd4 Nxe4 19. Qxe4 Qxb2 20. f4 Qxa2 21. fxg5 hxg5 22. Qe5 f6 23. Rxf6 Rxf6 24. Qxf6 Qf7 25. Qxg5+ Qg7 26. Qd8+ Qf8 27. Qd5+ {Rohde,M (2540)-Comp Socrates 95 Boston 1995 1-0 (42)}) 13. Rd1 Qc7 14. Rxd4 Qxc2 15. Bxc2 Bc5 16. Re4+ Kf8 17. b4 Be7 18. Bf4 Nf6 19. Rd4 Be6 20. Bb3 Bxb3 21. axb3 g5 22. Be5 Rg8 23. Rc1 Ne8 24. Rd7 Bxb4 25. Rxb7 a5 26. Rd1 Rg6 27. Rdd7 f6 28. Bb2 Ra6 29. g4 Rg7 30. Rxg7 Nxg7 1/2-1/2

[Event "Biel"]
[Site "Biel"]
[Date "1992.??.??"]
[Round "13"]
[White "Karpov, Anatoly"]
[Black "Shirov, Alexei"]
[Result "1-0"]
[WhiteElo "2715"]
[BlackElo "2710"]
[Annotator "Hansen,Curt"]
[PlyCount "63"]
[EventDate "1992.07.??"]
[EventType "tourn"]
[EventRounds "14"]
[EventCountry "SUI"]
[EventCategory "16"]
[SourceTitle "CBM 031"]
[Source "ChessBase"]
[SourceDate "1992.12.01"]
[SourceVersion "1"]
[SourceVersionDate "1992.12.01"]
[SourceQuality "1"]

1. d4 {Ftacnik} d5 2. c4 c6 3. Nc3 Nf6 4. e3 e6 5. Nf3 Nbd7 6. Qc2 Bd6 7. Be2 O-O 8. O-O dxc4 9. Bxc4 b5 10. Be2 Re8 (10... Bb7 11. e4 e5 12. Bg5 (12. dxe5 Nxe5 13. Nxe5 Bxe5 14. Bg5 h6 (14... Re8 15. Rad1 Qe7 16. Kh1 h6 17. Bxf6 Bxf6 18. Bd3 Rad8 19. f4 {½-½ Bukic-Sherbakov Bled Open 1992}) 15. Bh4 Qb6 16. Rad1 Rfe8 $10 {Nielsen,PH-Knaak Bad Lauterberg 1991}) (12. Rd1 Qc7 13. h3 Rfe8 14. dxe5 Nxe5 15. Nd4 Ned7 16. Bf3 b4 17. Na4 Ne5 18. Be2 Ng6 $15 {Kosic-Piket,J AUS WchJ 1988}) 12... h6 13. Bh4 exd4 14. Nxd4 Qc7 15. Bg3 Bxg3 16. hxg3 $14 {Pliester-Van de Outeweetering Dieren Open 1988}) 11. Rd1 (11. Bd2 Bb7 12. Ng5 e5 $10 {Adorjan,A-Kuczynski Polanica Zdroj 1992}) (11. e4 e5 12. Rd1 Qc7 13. Bg5 exd4 14. Rxd4 b4 $15 {15.a4 c5 Tabatadze-Shirov Frunze Open 1989} (14... b4 {Ftacnik} 15. e5 Nxe5 16. Na4 c5 17. Rd2 Bb7 18. Nxe5 Rxe5 19. Bxf6 gxf6 20. Rad1 Rg5 $1 $40 {Tabatadze,T-Shirov,A/Frunze op/1989/})) 11... Qc7 12. b3 (12. Ne4 Nxe4 13. Qxe4 e5 14. dxe5 Nxe5 15. Ng5 f5 16. Qd4 $14 {Brenninkmeijer-Shirov Ter Apel 1991} (16. Qd4 {Ftacnik} Be7 17. Nf3 Nf7 18. Qc3 a6 19. a4 b4 20. Qc2 c5 21. b3 Rb8 22. Bb2 Rb6 23. Bc4 $16 {Brenninkmeijer,J-Shirov,A/Ter Apel/1991/})) 12... e5 13. h3 Bb7 (13... a6 14. Bb2 exd4 15. Nxd4 Bb7 16. Nf5 Bf8 17. Nd5 Nxd5 18. Rxd5 Re6 $132 {Tukmakov-Shabalov Biel Open 1992}) 14. Bb2 a6 (14... exd4 $5 15. Nxd4 a6) (14... Rad8 {Ftacnik}) 15. dxe5 Nxe5 16. a4 $1 {ץb7} Rad8 $146 (16... Nxf3+ 17. Bxf3 Bh2+ (17... Rad8 {Ftacnik} 18. axb5 axb5 19. Nxb5 $1 cxb5 20. Qxc7 Bxc7 21. Bxb7 $16) 18. Kh1 Be5 $10) ({RR} 16... Ng6 17. Bd3 Rad8 18. Ne4 Nxe4 19. Bxe4 c5 20. Bxb7 Qxb7 21. axb5 axb5 22. Rd2 Bf8 23. Rad1 Rxd2 24. Rxd2 h6 25. Qf5 Re6 26. Rd8 Qc7 27. Qd5 Rd6 28. Rxd6 Bxd6 29. h4 Bf8 30. Qd3 Qa5 31. h5 {Arlandi,E (2460)-Illescas Cordoba,M (2615) Lisbon 1993 0-1 (56)}) ({RR} 16... Ng6 17. Rac1 Qe7 18. Nd4 Qe5 19. Nf3 Qe7 20. Nd4 Qe5 21. Nf3 {½-½ (21) Browne,W (2560)-Gurevich,D (2525) Modesto 1995}) 17. Ng5 $1 $14 Qe7 (17... Qb8 18. Nce4 Nxe4 19. Nxe4 Bf8 20. Nc5 $16) (17... Bf8 18. Nge4 Nxe4 19. Nxe4 {×c5,20.axb5 axb5 21.Lxb5}) (17... h6 {Ftacnik} 18. Nge4 Be7 19. Nxf6+ Bxf6 20. Ne4 Be7 21. Nc5 $16) 18. Nce4 Nxe4 19. Nxe4 Bb4 (19... Bc7 20. Ba3 b4 (20... Qe6 21. Nc5) 21. Bb2 $16) 20. Ng3 $16 {ץb7,ץb4,פe5} f6 (20... g6 {Ftacnik} 21. Rxd8 Rxd8 22. Rd1 $14) 21. Bxe5 Qxe5 (21... fxe5 {Ftacnik} 22. Bd3 g6 23. Be4 $14) 22. Bd3 h6 {×g6,×f5} (22... g6 23. Bxg6 hxg6 24. Qxg6+ Kh8 (24... Kf8 {Ftacnik} 25. Nf5 Qc7 26. Qxf6+ Kg8 27. Nh6+ Kh7 28. Nf7 $18) 25. Qh6+ (25. Nh5 $2 Qg5) 25... Kg8 26. Nh5 $16) 23. Bg6 Rf8 24. Nf5 c5 (24... Qc7 {Ftacnik} 25. Qe4 c5 26. Qe6+ Kh8 27. Nh4 $16) 25. axb5 axb5 (25... Be4 26. Qc4+) 26. Ra7 Qc7 (26... Rxd1+ 27. Qxd1 Qc7 28. Nxh6+ (28. Qd5+ Bxd5 29. Rxc7 Bf7 30. h4 $5 {31.h5}) 28... gxh6 29. Be4 $16) 27. Nh4 {28.h7+ h8 29.g6+} Rxd1+ $8 (27... Rd7 {Ftacnik} 28. Bh7+ Kf7 29. Qg6+ Ke7 30. Nf5+ $18) 28. Qxd1 Ra8 (28... Rd8 {Ftacnik} 29. Qg4) 29. Qg4 $1 Qc6 (29... Rxa7 30. Qe6+ (30. Qe6+ {Ftacnik} Kf8 31. Qe8#)) (29... Kh8 30. Rxa8+ Bxa8 31. Qe6 Bc6 32. Bf5 $18 {g6+}) (29... Qc8 {Ftacnik} 30. Rxa8 Qxa8 31. Qe6+ Kh8 32. Bf5 $18) 30. Rxb7 Qxb7 31. Qe6+ Kh8 (31... Kf8 {Ftacnik} 32. Be4 Qc8 33. Ng6#) 32. Be4 {Hansen,Cu} (32. Be4 Ra1+ 33. Kh2 Qb8+ 34. f4 c4 35. Ng6+ Kh7 36. Ne7+ (36. Ne5+ {Ftacnik} Kh8 37. Nf7+ Kg8 38. Nd8+ Kh8 39. Qe8+) 36... Kh8 37. Qf5 $18) 1-0

[Event "Madrid"]
[Site "Madrid"]
[Date "1992.??.??"]
[Round "4"]
[White "Karpov, Anatoly"]
[Black "Polgar, Zsuzsa"]
[Result "1-0"]
[WhiteElo "2725"]
[BlackElo "2530"]
[Annotator "Ftacnik,Lubomir"]
[PlyCount "113"]
[EventDate "1992.05.??"]
[EventType "tourn"]
[EventRounds "9"]
[EventCountry "ESP"]
[EventCategory "13"]
[SourceTitle "CBM 030"]
[Source "ChessBase"]
[SourceDate "1992.10.01"]
[SourceVersion "1"]
[SourceVersionDate "1992.10.01"]
[SourceQuality "1"]

1. d4 d5 2. c4 c6 3. Nc3 Nf6 4. e3 e6 5. Nf3 Nbd7 6. Qc2 Bd6 7. Be2 O-O 8. O-O dxc4 9. Bxc4 a6 10. Rd1 b5 11. Bf1 c5 12. dxc5 Bxc5 13. Ng5 Bb7 14. Nce4 Nxe4 (14... Rc8 $2 15. Nxf6+ $18) 15. Nxe4 Be7 $146 ({RR} 15... Rc8 16. Nxc5 Rxc5 17. Qe2 Qc7 18. Bd2 Ne5 19. Bb4 Rc2 20. Qh5 Rxb2 21. Rac1 Rc2 22. Bd6 Nf3+ 23. gxf3 Rxc1 24. Bxc7 Rxd1 25. f4 Rc1 26. Be5 f6 27. Bb2 Rb1 28. Ba3 b4 29. Bxb4 Rxb4 30. Bd3 {Arlandi,E (2445)-Luther,T (2495) Turin 1996 ½-½ (49)}) 16. Nd6 Bd5 (16... Bxd6 17. Rxd6 Bd5 18. e4 Rc8 19. Qd1 Bc6 20. Be3 $16) 17. e4 Bxd6 18. exd5 Rc8 (18... e5 19. a4 $14) 19. Qe2 exd5 20. Rxd5 Nf6 21. Rd3 Qc7 22. g3 Bc5 23. Be3 Bxe3 24. Rxe3 Rfe8 25. Rd1 h6 26. a3 Rxe3 27. Qxe3 Ng4 28. Qe4 Ne5 29. Rd5 Nc4 30. Qd4 Re8 31. Rc5 Nd2 $5 (31... Qe7 32. Bxc4 bxc4 33. Qxc4 $18) 32. Rxc7 Nf3+ 33. Kg2 Nxd4 34. Rd7 Nc6 35. Rd6 Re6 36. Rxe6 fxe6 37. Kf3 $16 Kf7 38. Ke4 Ke7 39. a4 Na7 (39... bxa4 40. Bxa6 Na7 41. Bd3 Kd6 42. Bc2 $18) 40. axb5 axb5 41. f4 Kd6 42. Bd3 Kd7 43. Be2 Kd6 44. Bf1 Kd7 45. f5 $1 Kd6 (45... exf5+ 46. Kxf5 Ke7 47. Kg6 Kf8 48. Be2 $16) 46. fxe6 Kxe6 47. Bh3+ Kd6 48. Kf5 g5 49. Kg6 Ke7 50. Kxh6 Kf6 51. Bd7 Ke7 52. Bxb5 $1 Nxb5 53. Kxg5 Kf7 54. Kh6 Nd4 55. g4 Nf3 56. h3 Kf6 57. b4 {Ftacnik,L} 1-0

[Event "Amsterdam sim"]
[Site "Amsterdam"]
[Date "1992.??.??"]
[Round "?"]
[White "Karpov, Anatoly"]
[Black "Van der Vliet, Fredrik"]
[Result "1/2-1/2"]
[WhiteElo "2725"]
[BlackElo "2330"]
[PlyCount "80"]
[EventDate "1992.??.??"]
[EventType "simul"]
[EventRounds "1"]
[EventCountry "NED"]
[SourceTitle "EXT 2002"]
[Source "ChessBase"]
[SourceDate "2001.11.25"]
[SourceVersion "1"]
[SourceVersionDate "2001.11.25"]
[SourceQuality "1"]

1. d4 Nf6 2. c4 c6 3. Nc3 d5 4. e3 e6 5. Nf3 Nbd7 6. Qc2 Bd6 7. Be2 O-O 8. O-O Qe7 9. h3 dxc4 10. Bxc4 b5 11. Be2 ({RR} 11. Bd3 b4 ({RR} 11... a6 12. Ng5 ({RR} 12. e4 e5 13. Ne2 c5 14. dxe5 Bxe5 15. Nxe5 Nxe5 16. Ng3 Nxd3 17. Qxd3 Bb7 18. Re1 Rfe8 19. e5 c4 20. Qf5 Qd7 21. Bf4 Qxf5 22. Nxf5 Nd5 23. Bd2 Bc6 24. Rac1 Nb6 25. b3 Bd5 26. Nd6) 12... h6 13. Nge4 Bb7 14. Nxd6 Qxd6 15. Ne4 Nxe4 16. Bxe4 Rab8 17. Rd1 Qe7 18. b3 Rfc8 19. Bb2 c5 20. Bxb7 Rxb7 21. dxc5 Qxc5 22. Qe4 Rbc7 23. Rac1 Qh5 24. Qd4 e5 25. Qxd7 Rxd7 26. Rxc8+) ({RR} 11... Bb7 12. e4 e5 13. dxe5 Nxe5 14. Nxe5 Bxe5 15. Be3) 12. Ne4 c5 13. Nxf6+ Nxf6 14. e4 e5 15. dxe5 Bxe5 16. Nxe5 Qxe5 17. Be3 c4 18. Qxc4 Be6 19. Qxb4 Rab8 20. Qc3 Qh5 21. Bxa7 Rbc8 22. Qd2 Rfd8 23. Qe3 Rd7 24. Bd4 Rcd8 25. Be2 Qh4 {Zakhartsov,V (2461)-Khajrutdinov,I (1958) St Petersburg RUS 2025 1-0 (41)}) 11... a6 ({RR} 11... Bb7 12. e4 e5 13. dxe5 Nxe5 14. Nh4 Bc5 15. Kh1 Ned7 16. f4 b4 17. Nf5 Qe6 18. Na4 Nxe4 19. Bd3 Rae8 20. Bxe4 Qxe4 21. Qxe4 Rxe4 22. b3 g6 23. Nxc5 Nxc5 24. Nh6+ Kg7 25. f5 f6) 12. a3 $146 ({RR} 12. e4 e5 13. Be3 Bb7 14. Rfe1 Rac8 15. Bf1 c5 16. d5 c4 17. Ne2 Nh5 18. Ng3 Nxg3 19. fxg3 Bc5 20. Bxc5 Rxc5 21. g4 Rfc8 22. Qc3 R5c7 23. a3 Qd6 24. g5 Re8 25. Rac1 Nc5 26. h4 Bc8 {Antic,D (2491)-Kalezic,B (2403) Subotica 2000 1-0 (46)}) 12... c5 13. dxc5 Nxc5 14. b4 Ncd7 15. Ne4 Nxe4 16. Qxe4 Rb8 17. Bb2 Bb7 18. Qg4 f5 19. Qg5 Bd5 20. Qxe7 Bxe7 21. Rfc1 Rfc8 22. Bd4 Bd6 23. Kf1 h6 24. Ne1 Kf7 25. Bb2 Nb6 26. Bd4 Rxc1 27. Rxc1 Nc4 28. Bxc4 Bxc4+ 29. Kg1 e5 30. Bb2 Ke6 31. Nf3 Ra8 32. Nd2 Bd5 33. Bc3 Rc8 34. Bb2 Rxc1+ 35. Bxc1 g5 36. Bb2 h5 37. f3 e4 38. Kf2 Bc7 39. Bd4 Bd6 40. Bb2 Bb8 1/2-1/2

[Event "Interpolis"]
[Site "Tilburg"]
[Date "1992.10.11"]
[Round "2.1"]
[White "Karpov, Anatoly"]
[Black "Chernin, Alexander"]
[Result "1/2-1/2"]
[WhiteElo "2715"]
[BlackElo "2600"]
[PlyCount "130"]
[EventDate "1992.10.08"]
[EventType "k.o."]
[EventRounds "7"]
[EventCountry "NED"]
[SourceTitle "CBM 032"]
[Source "ChessBase"]
[SourceDate "1993.02.01"]
[SourceVersion "1"]
[SourceVersionDate "1993.02.01"]
[SourceQuality "1"]

1. d4 d5 2. c4 c6 3. Nc3 Nf6 4. e3 e6 5. Nf3 Nbd7 6. Qc2 Bd6 7. Be2 O-O 8. O-O dxc4 9. Bxc4 Qe7 10. a3 e5 11. h3 Bb8 12. Ba2 h6 13. Nh4 Rd8 14. Nf5 Qe8 15. Ne2 Nf8 16. dxe5 Bxf5 17. Qxf5 Qxe5 18. Ng3 Qxf5 19. Nxf5 Ne6 20. b4 Be5 21. Rb1 Ne4 $146 ({RR} 21... a5 22. b5 c5 23. f4 Bc3 24. b6 Rd7 25. Rb5 Rad8 26. g4 Rd1 27. Bb3 Rxf1+ 28. Kxf1 c4 29. Ba4 Ne4 30. Ne7+ Kf8 31. Nd5 Ba1 32. Bc2 N6c5 33. Rxa5 Nb3 34. Rb5 Nec5 35. Nc7 Na4 36. Nd5 {Neverfail (2550)-Lasker#77 (2464) Playchess.com INT 2006 ½-½ (50)}) 22. Bb2 Bxb2 23. Rxb2 Nc7 24. Rc1 a6 25. a4 Kf8 26. f3 Ng5 27. Kf2 Nge6 28. Ng3 Rd3 29. Ne4 Rad8 30. Rcc2 Nd5 31. Bxd5 R8xd5 32. Ke2 Rd7 33. b5 axb5 34. axb5 cxb5 35. Rxb5 R3d5 36. Rb6 Ke7 37. Rcb2 Nc5 38. Nxc5 Rxc5 39. Rxb7 Rxb7 40. Rxb7+ Kf6 41. Rb6+ Ke7 42. Kf2 h5 43. h4 Rc2+ 44. Kg3 g6 45. e4 Re2 46. Ra6 Kf8 47. Ra1 Kg7 48. Rf1 Kf6 49. Rf2 Re1 50. Kf4 Rh1 51. g3 Ra1 52. Re2 Ra5 53. Re3 Rb5 54. Ra3 Kg7 55. Rd3 Ra5 56. Ke3 Ra2 57. Kd4 Rg2 58. f4 Kf6 59. Rc3 Rd2+ 60. Ke3 Ra2 61. Rc6+ Kg7 62. f5 gxf5 63. exf5 Ra4 64. Rd6 Rg4 65. Kf3 Ra4 1/2-1/2

[Event "EU-Cup 09th Group3"]
[Site "Vienna"]
[Date "1993.08.24"]
[Round "1"]
[White "Karpov, Anatoly"]
[Black "Supatashvili, Khvicha"]
[Result "1-0"]
[WhiteElo "2760"]
[BlackElo "2440"]
[PlyCount "53"]
[EventDate "1993.08.24"]
[EventType "team-k.o."]
[EventRounds "3"]
[EventCountry "AUT"]
[SourceTitle "EXT 2018"]
[Source "ChessBase"]
[SourceDate "2017.10.13"]
[SourceVersion "1"]
[SourceVersionDate "2017.10.13"]
[SourceQuality "1"]
[WhiteTeam "Vienna Margarethen"]
[BlackTeam "Senaki"]
[WhiteTeamCountry "AUT"]
[BlackTeamCountry "GEO"]

1. d4 d5 2. c4 c6 3. Nc3 Nf6 4. e3 e6 5. Nf3 Nbd7 6. Qc2 Bd6 7. Be2 dxc4 8. Bxc4 O-O 9. O-O b5 10. Be2 Bb7 11. a3 a5 ({RR} 11... a6 12. Rd1 c5 13. dxc5 Nxc5 14. b4 Nce4 15. Nxe4 Bxe4 16. Qd2 Be7 17. Bb2 Rc8 18. Qxd8 {½-½ (18) Karpov,A (2710)-Kramnik,V (2751) Frankfurt 1999}) 12. Bd2 ({RR} 12. e4 e5 13. Rd1 Qc7 14. g3 Rfe8 15. dxe5 Nxe5 16. Bg5 Nxf3+ 17. Bxf3 Be5 18. Bxf6 gxf6 19. Bg4 Rad8 20. Bf5 Bc8 21. Bxc8 Qxc8 22. Ne2 a4 23. f4 Bb8 24. Kg2 Ba7 25. h3 h5 26. f5 Qc7 {Nakamura,H (2787)-Giri,A (2785) Bilbao 2016 ½-½ (47)}) ({RR} 12. e4 e5 13. Bg5 Qc7 14. Rac1 Rac8 15. Qd3 Qb8 16. dxe5 Nxe5 17. Nxe5 Bxe5 18. f4 Rfd8 19. Qh3 Bd4+ 20. Kh1 h6 21. Bh4 b4 22. e5 Nd5 23. axb4 axb4 24. Nxd5 Rxd5 25. Bc4 Bxb2 26. Bxd5 cxd5 {Hoang Thi Bao Tram (2119)-Concio,M (2366) Bangkok THA 2026 0-1 (39)}) 12... Rc8 13. Ne4 $146 ({RR} 13. Ng5 c5 14. Nxb5 cxd4 15. Qd1 Bb8 16. exd4 h6 17. Nf3 Ne4 18. Rc1 Qb6 19. Be3 Bd5 20. Ne5 Qb7 21. Nxd7 Qxd7 22. Qa4 f5 23. f3 Nd6 24. Nc3 Bc6 25. Qxa5 f4 26. Bf2 Nf5 27. Ba6 Rcd8 {Dumitrache,D (2420)-Szuhanek,R (2400) Bucharest 1998 ½-½ (65)}) 13... Nxe4 14. Qxe4 b4 15. axb4 axb4 16. Rfc1 Nf6 17. Qh4 c5 18. dxc5 Bxf3 19. Bxf3 Bxh2+ 20. Qxh2 Qxd2 21. Qe5 Nd5 22. Rd1 Qc2 23. Rac1 Qa4 24. Bxd5 exd5 25. Rxd5 Rc6 26. Rd6 h6 27. Qf4 1-0